000 00323nam a22001457a 4500
008 180919b xxu||||| |||| 00| 0 eng d
020 _a9780195378337
041 _aeng
080 _a94
082 _a94
100 _a16
101 _aHIS
245 _aThe revolutionary Constitution
_cBodenhamer.D.J
942 _2udc
_cBK
999 _c48036
_d48036